Normal view MARC view

Entry Nombre personal

Number of records used in: 1

001 - NÚMERO DE CONTROL

  • campo de control: 48081

003 - IDENTIFICADOR DEL NÚMERO DE CONTROL

  • campo de control: OSt

005 - FECHA Y HORA DE LA ÚLTIMA TRANSACCIÓN

  • campo de control: 20220608101425.0

008 - DATOS DE LONGITUD FIJA

  • campo de control de longitud fija: 220608|| aca||aabn | a|a d

040 ## - FUENTE DE LA CATALOGACIÓN

  • Centro catalogador/agencia de origen: OSt
  • Centro/agencia transcriptor: OSt

100 ## - ENCABEZAMIENTO-NOMBRE DE PERSONA

  • Nombre de persona: Cadena, Aroma de la
  • Fechas asociadas al nombre: 1956-
  • Término indicativo de función/relación: traductor

670 ## - FUENTE DE DATOS ENCONTRADOS

  • Cita de la fuente: Work cat.: (OSt): Bueno-Hansen, Pascha autor 48074, Derechos feministas y humanos en el Perú :, 2020.

Powered by Koha